Discriminação da terceira idade (Registo nº 21648)

Detalhes MARC
000 -Etiqueta do registo
Valores 00867nam a22002171i 4500
090 ## -
-- 21648
100 ## - Dados gerais de processamento
Dados gerais 20170304u u u0frey50 ba
101 0# - Língua de publicação
-- por
200 1# - Titulo e menção de responsabilidade
Primeira menção de responsabilidade Sibila Marques
Título próprio Discriminação da terceira idade
215 ## - Descrição física 
Paginação / Volumes 102, [10] p.
Dimensões 21 cm
210 ## - Publicação
Nome do editor Relógio D'Água
Data de publicação D.L. 2011
210 ## - Publicação
Nome do editor Fundação Francisco Manuel dos Santos
Local de publicação Lisboa
Data de publicação D.L. 2011
225 2# - Colecção 
Título próprio da colecção Ensaios da Fundação
Indicação de volume 12
300 ## - Notas gerais 
Texto da nota Oferta da Fundação Francisco Manuel dos Santos
410 #0 -
-- Ensaios da Fundação
700 #1 - Autor principal (pessoa individual)
Apelido Marques
Nome Sibila
-- 070
996 ## - ISO2709
-- 0031320
-- MAR
-- 00000000
-- 00000000
-- BMVA
-- 1
-- Viana do Alentejo
-- Sociologia
-- 22
-- Livro
-- 0
-- 1
996 ## - ISO2709
-- 0031321
-- MAR
-- 00000000
-- 00000000
-- BMVA
-- 1
-- Aguiar
-- Sociologia
-- 22
-- Livro
-- 0
-- 1
996 ## - ISO2709
-- 0031322
-- MAR
-- 00000000
-- 00000000
-- BMVAAL
-- 3
-- Alcáçovas
-- Sociologia
-- 22
-- Livro
-- 0
-- 1
990 ## - Elementos KOHA
Tipo de documento Livro
Exemplares
Situação do levantamento Estado Biblioteca de origem Biblioteca de empréstimo Código de barras Cota Permissão de empréstimo Tipo de documento Forma de aquisição
  Completo Biblioteca Municipal de Viana Do Alentejo Biblioteca Municipal de Viana Do Alentejo 0027150 159.9 MAR Disponível Livro  
  Completo Biblioteca Municipal de Viana Do Alentejo Biblioteca Municipal de Viana Do Alentejo Pólo Aguiar 0027152 159.9 MAR Disponível Livro  
  Completo Biblioteca Municipal de Viana Do Alentejo Biblioteca Municipal de Viana Do Alentejo Pólo Alcáçovas 0027153 159.9 MAR Disponível Livro  
  Completo Biblioteca da Escola Básica e Secundária Dr Isidoro de Sousa Biblioteca da Escola Básica e Secundária Dr Isidoro de Sousa 7274 159.9 MAR Disponível Livro  
  Completo Biblioteca da Escola Básica e Secundária Dr Isidoro de Sousa Biblioteca da Escola Básica e Secundária Dr Isidoro de Sousa 8001 159.9 MAR Disponível Livro  
  Completo Biblioteca da Escola Básica e Secundária Dr Isidoro de Sousa Biblioteca da Escola Básica e Secundária Dr Isidoro de Sousa 8002 159.9 MAR Disponível Livro  
  Completo Biblioteca da Escola Básica e Secundária Dr Isidoro de Sousa Biblioteca da Escola Básica e Secundária Dr Isidoro de Sousa 8003 159.9 MAR Disponível Livro  




Powered by Koha